ბათუმის შოთა რუსთაველის სახელმწიფო უნივერსიტეტის ბიბლიოთეკა

Висячие системы конструкции и расчет нитей конечностей жесткости (ბიბ.ჩანაწერი № 37170)

000 -LEADER
fixed length control field 00653nam a2200193Ia 4500
001 - CONTROL NUMBER
control field 3126
003 - CONTROL NUMBER IDENTIFIER
control field GE_BSU
008 - FIXED-LENGTH DATA ELEMENTS--GENERAL INFORMATION
fixed length control field 181216s||||||||xx |||||||||||||| ||und||
040 ## - CATALOGING SOURCE
Transcribing agency GE_BSU
080 ## - UNIVERSAL DECIMAL CLASSIFICATION NUMBER
Universal Decimal Classification number 624.072.327
245 ## - TITLE STATEMENT
Title Висячие системы конструкции и расчет нитей конечностей жесткости
245 ## - TITLE STATEMENT
Statement of responsibility, etc. Ред. Л.И. Шимова
260 ## - PUBLICATION, DISTRIBUTION, ETC.
Place of publication, distribution, etc. Киев
260 ## - PUBLICATION, DISTRIBUTION, ETC.
Name of publisher, distributor, etc. Будiвельник
260 ## - PUBLICATION, DISTRIBUTION, ETC.
Date of publication, distribution, etc. 1984
300 ## - PHYSICAL DESCRIPTION
Extent 206стр. 20см.
653 ## - INDEX TERM--UNCONTROLLED
Uncontrolled term Висячие системы конструкции и расчет нитей конечностей жесткости
942 ## - ADDED ENTRY ELEMENTS (KOHA)
Koha item type წიგნი
ეგზემპლარები
Withdrawn status Lost status Damaged status Not for loan Date acquired Barcode Date last seen Price effective from Koha item type
        2018-12-17 8495 2018-12-17 2018-12-17 წიგნი
        2018-12-17 8496 2018-12-17 2018-12-17 წიგნი
        2018-12-17 8497 2018-12-17 2018-12-17 წიგნი
        2018-12-17 8498 2018-12-17 2018-12-17 წიგნი